The fourth asian fisheries forum : Proceedings of the third Asian Fisheries Forum Beijing, 16-20 October 1995
محفوظ في:
| التنسيق: | كتاب |
|---|---|
| اللغة: | Undetermined |
| منشور في: |
China
Asian Fisheries Society
1995
|
| الموضوعات: | |
| الوسوم: |
إضافة وسم
لا توجد وسوم, كن أول من يضع وسما على هذه التسجيلة!
|
| Thư viện lưu trữ: | Trung tâm Học liệu Trường Đại học Cần Thơ |
|---|
| LEADER | 00656nam a2200205Ia 4500 | ||
|---|---|---|---|
| 001 | CTU_150554 | ||
| 008 | 210402s9999 xx 000 0 und d | ||
| 082 | |a 639.2072 | ||
| 082 | |b A832/1995 | ||
| 245 | 4 | |a The fourth asian fisheries forum : | |
| 245 | 0 | |b Proceedings of the third Asian Fisheries Forum Beijing, 16-20 October 1995 | |
| 245 | 0 | |c Edited by Zhou Yingqi ...[et al.] | |
| 260 | |a China | ||
| 260 | |b Asian Fisheries Society | ||
| 260 | |c 1995 | ||
| 650 | |a Fisheries,Nghề cá | ||
| 650 | |x Congresses,Diễn đàn | ||
| 650 | |z Asia,Châu Á | ||
| 904 | |i Trọng Hải | ||
| 980 | |a Trung tâm Học liệu Trường Đại học Cần Thơ | ||